[Event "IND-ch U19"]
[Site "Ahmedabad"]
[Date "2023.09.28"]
[Round "11"]
[White "Sharnarthi, Shlok"]
[Black "Ayushh, Ravikumar"]
[Result "0-1"]
[WhiteElo "1747"]
[BlackElo "1950"]
[PlyCount "130"]
[EventDate "2023.09.20"]
[EventType "swiss"]
[EventRounds "11"]
[EventCountry "IND"]
[SourceTitle "EXT 2024"]
[Source "ChessBase"]
[SourceDate "2023.10.10"]
[SourceVersion "1"]
[SourceVersionDate "2023.10.10"]
[SourceQuality "1"]

1. e4 c5 2. c4 e5 3. g3 Nc6 4. Bg2 g6 5. Ne2 Bg7 6. 0-0 Nge7 7. f4 d6 8. Nbc3 0-0 9. d3 f5 10. Rb1 Be6 11. a3 a5 12. h3 Qd7 13. Kh2 h6 14. Nd5 Rab8 15. Nec3 Kh7 16. Bd2 b6 17. b3 Nd4 18. Be3 Nec6 19. b4 fxe4 20. b5 Ne7 21. dxe4 Rb7 22. Qd2 Qe8 23. Rf2 Nxd5 24. cxd5 Bd7 25. a4 Rb8 26. Bxd4 cxd4 27. Ne2 Rc8 28. Rc1 Rxc1 29. Nxc1 Qc8 30. Bf1 exf4 31. gxf4 g5 32. Nd3 gxf4 33. Rxf4 Be5 34. Nxe5 dxe5 35. Rxf8 Qxf8 36. Bg2 Kg6 37. Kg1 Qa3 38. Bf1 Bxh3 39. Qf2 Bg4 40. Be2 Qc1+ 41. Kg2 Qg5 42. Kf1 Bxe2+ 43. Qxe2 h5 44. Qc2 h4 45. Qc8 Qf4+ 46. Kg1 Qe3+ 47. Kh2 Qf2+ 48. Kh1 d3 49. Qg4+ Kf6 50. Qe6+ Kg5 51. d6 d2 52. Qg8+ Kf4 53. Qf7+ Ke3 54. Qb3+ Ke2 55. d7 Qd4 56. Qc2 Qxd7 57. Kh2 Qd4 58. Qa2 Ke1 59. Qb3 d1Q 60. Qf3 Qe2+ 61. Qxe2+ Kxe2 62. Kh3 Qg1 63. Kxh4 Qg6 64. Kh3 Kf3 65. Kh2 Qg2# 0-1

[Event "Hosur op 3rd"]
[Site "Hosur"]
[Date "2023.02.04"]
[Round "7"]
[White "Ayushh, Ravikumar"]
[Black "Naveen, Kumar P"]
[Result "1-0"]
[WhiteElo "2032"]
[BlackElo "1620"]
[PlyCount "57"]
[EventDate "2023.02.01"]
[EventType "swiss"]
[EventRounds "9"]
[EventCountry "IND"]
[SourceTitle "CBM 212 Extra"]
[Source "ChessBase"]
[SourceDate "2023.03.31"]
[SourceVersion "1"]
[SourceVersionDate "2023.03.31"]
[SourceQuality "1"]

1. b3 Nf6 2. Bb2 d6 3. d4 g6 4. Nf3 Bg7 5. g3 0-0 6. Bg2 d5 7. 0-0 c6 8. c4 Be6 9. Nbd2 h6 10. Ne5 Ng4 11. cxd5 cxd5 12. Nd3 Nf6 13. Nc5 Bc8 14. Rc1 Nc6 15. Nf3 b6 16. Ne5 Nb8 17. Ncd3 Bb7 18. Ba3 Re8 19. Qc2 Na6 20. Nxf7 Kxf7 21. Ne5+ Kg8 22. Qxg6 Rf8 23. Bh3 Nc7 24. Rxc7 Qxc7 25. Be6+ Kh8 26. Qf5 Bc8 27. Ng6+ Kh7 28. Nxf8+ Kh8 29. Qh7+ 1-0

[Event "Hosur op 3rd"]
[Site "Hosur"]
[Date "2023.02.02"]
[Round "4"]
[White "Rohith, S2222"]
[Black "Ayushh, Ravikumar"]
[Result "1/2-1/2"]
[WhiteElo "1738"]
[BlackElo "2032"]
[PlyCount "158"]
[EventDate "2023.02.01"]
[EventType "swiss"]
[EventRounds "9"]
[EventCountry "IND"]
[SourceTitle "CBM 212 Extra"]
[Source "ChessBase"]
[SourceDate "2023.03.31"]
[SourceVersion "1"]
[SourceVersionDate "2023.03.31"]
[SourceQuality "1"]

1. e4 e5 2. Nf3 Nc6 3. d4 exd4 4. Nxd4 Bc5 5. Be3 Qf6 6. c3 Nge7 7. Bc4 0-0 8. 0-0 Bb6 9. Nc2 d6 10. Nd2 Be6 11. Bxb6 axb6 12. Ne3 Bxc4 13. Ndxc4 Qe6 14. Qd3 Ne5 15. Nxe5 dxe5 16. Rfd1 Rfc8 17. Qd7 Qxd7 18. Rxd7 Kf8 19. a3 Ke8 20. Rad1 Ra5 21. Kf1 Ng8 22. f3 Nf6 23. R7d2 g6 24. Ke2 Ke7 25. Nd5+ Nxd5 26. Rxd5 Rxd5 27. Rxd5 Ke6 28. Rd1 f5 29. Ke3 Rf8 30. Rd2 h5 31. Rd1 c6 32. Rd2 Ke7 33. Rd1 f4+ 34. Ke2 g5 35. h3 Ra8 36. Rc1 Rg8 37. Rh1 Kd6 38. Rd1+ Ke6 39. Rh1 b5 40. Rd1 g4 41. hxg4 hxg4 42. Kf2 g3+ 43. Ke2 Rh8 44. Kd3 Kd6 45. b4 Ra8 46. Kc2+ Kc7 47. Kb2 Rh8 48. Kc2 Rh2 49. Rg1 b6 50. Kb2 Kd6 51. Kc2 c5 52. Kb2 Ke6 53. Kc2 Kd6 54. Kb2 Kc6 55. Kc2 Rh8 56. Rd1 Rh7 57. Kb2 Rh2 58. Rg1 Kd7 59. Kc2 Ke6 60. Kd2 Kf6 61. Kc2 c4 62. Kc1 Kg5 63. Kd2 Rh8 64. Kc2 Ra8 65. Kb2 Rd8 66. Kc2 Rd3 67. Rh1 Re3 68. Kd2 Rd3+ 69. Kc2 Rd7 70. Rh8 Ra7 71. Kb2 Re7 72. Kc2 Rg7 73. Rh3 Ra7 74. Kb2 Rd7 75. Kc2 Rd3 76. Rh1 Re3 77. Kd2 Rd3+ 78. Kc2 Re3 79. Kd2 Rd3+ 1/2-1/2

[Event "Hosur op 3rd"]
[Site "Hosur"]
[Date "2023.02.01"]
[Round "1"]
[White "Ayushh, Ravikumar"]
[Black "Sasmitha Sree, BS."]
[Result "1-0"]
[WhiteElo "2032"]
[BlackElo "1240"]
[PlyCount "87"]
[EventDate "2023.02.01"]
[EventType "swiss"]
[EventRounds "9"]
[EventCountry "IND"]
[SourceTitle "CBM 212 Extra"]
[Source "ChessBase"]
[SourceDate "2023.03.31"]
[SourceVersion "1"]
[SourceVersionDate "2023.03.31"]
[SourceQuality "1"]

1. e4 d5 2. exd5 Qxd5 3. Nc3 Qa5 4. Nf3 Nf6 5. d4 c6 6. Bc4 Bf5 7. 0-0 e6 8. Qe2 Be7 9. Bf4 Nbd7 10. a3 Nd5 11. Bd2 Qd8 12. Ne4 N7f6 13. Nxf6+ Bxf6 14. Bb3 0-0 15. c4 Nc7 16. Bf4 Bg4 17. Rfd1 Rc8 18. Rd3 b5 19. h3 Bh5 20. Rad1 bxc4 21. Bxc4 Nd5 22. Bh2 Qe7 23. Qd2 Nb6 24. Ba6 Rcd8 25. g4 Bg6 26. g5 Bxd3 27. gxf6 gxf6 28. Bxd3 f5 29. Ne5 Kh8 30. Nxc6 Rg8+ 31. Bg3 Qc7 32. Nxd8 Qxd8 33. Kh2 Nd5 34. Bc4 f6 35. Bxd5 Qxd5 36. Qh6 Qd8 37. Re1 Rg6 38. Qf4 Qd5 39. Rc1 Rg8 40. Rc7 Rg6 41. Rxa7 Qd8 42. Rb7 Qd5 43. Qc7 f4 44. Qxh7# 1-0

[Event "IND-ch 59th"]
[Site "New Delhi"]
[Date "2023.01.01"]
[Round "11"]
[White "Kushagra, Mohan"]
[Black "Ayushh, Ravikumar"]
[Result "1-0"]
[WhiteElo "2390"]
[BlackElo "1994"]
[PlyCount "95"]
[EventDate "2022.12.22"]
[EventType "swiss"]
[EventRounds "13"]
[EventCountry "IND"]
[SourceTitle "CBM 211 Extra"]
[Source "ChessBase"]
[SourceDate "2023.01.31"]
[SourceVersion "1"]
[SourceVersionDate "2023.01.31"]
[SourceQuality "1"]

1. e4 e5 2. Nf3 Nc6 3. Bb5 Nf6 4. d3 Bc5 5. Bxc6 dxc6 6. Nbd2 Nd7 7. Nc4 Qe7 8. Qe2 f6 9. c3 a5 10. 0-0 Nb6 11. Ne3 Bxe3 12. Bxe3 0-0 13. h3 c5 14. Nd2 Be6 15. f4 Nd7 16. Nf3 Rfd8 17. f5 Bf7 18. c4 Nb8 19. g4 Nc6 20. Rad1 b6 21. h4 Kf8 22. a3 Ke8 23. Kh2 h6 24. Ne1 Kd7 25. Rd2 Kc8 26. Rf2 Kb7 27. Rg2 Rh8 28. Kg1 Rh7 29. Nf3 Rah8 30. Kf1 Be8 31. Ke1 Bf7 32. Kd1 Be8 33. Kc1 Qd6 34. Kb1 Bf7 35. Rd1 Rd8 36. Rd2 Rdh8 37. Rh2 Qd8 38. Qf1 Kc8 39. Qg1 Ne7 40. Kc2 Nc6 41. g5 hxg5 42. hxg5 Rxh2 43. Rxh2 Rxh2+ 44. Qxh2 Qg8 45. b3 Qf8 46. Qh7 Nd8 47. Bf2 Bg8 48. Qh5 1-0

[Event "IND-ch 59th"]
[Site "New Delhi"]
[Date "2022.12.30"]
[Round "9"]
[White "Ayushh, Ravikumar"]
[Black "Badamundi, Tapan"]
[Result "1-0"]
[WhiteElo "1994"]
[BlackElo "1736"]
[PlyCount "59"]
[EventDate "2022.12.22"]
[EventType "swiss"]
[EventRounds "13"]
[EventCountry "IND"]
[SourceTitle "CBM 211 Extra"]
[Source "ChessBase"]
[SourceDate "2023.01.31"]
[SourceVersion "1"]
[SourceVersionDate "2023.01.31"]
[SourceQuality "1"]

1. d4 e6 2. c4 d5 3. Nc3 Be7 4. Nf3 a6 5. Bf4 Nf6 6. e3 0-0 7. cxd5 exd5 8. h3 h6 9. Bd3 b6 10. 0-0 Bb7 11. Qc2 Nbd7 12. Rfd1 Re8 13. Bf5 Nf8 14. Ne5 Bd6 15. Nd3 Ne6 16. Bxd6 Qxd6 17. Bxe6 Rxe6 18. b4 Re7 19. Qb3 g5 20. Ne5 Nd7 21. Nxd7 Rxd7 22. Rac1 Kg7 23. Nb1 c6 24. Nd2 a5 25. bxa5 bxa5 26. Qb6 a4 27. Qc5 Qc7 28. Rb1 Ra5 29. Rxb7 Qd8 30. Kf1 1-0

[Event "Titled Tuesday intern op 27th Dec Early"]
[Site "Chess.com INT"]
[Date "2022.12.27"]
[Round "6"]
[White "Ayushh, Ravikumar"]
[Black "Pakleza, Zbigniew"]
[Result "0-1"]
[WhiteElo "1994"]
[BlackElo "2496"]
[PlyCount "90"]
[EventDate "2022.12.27"]
[EventType "swiss (blitz)"]
[EventRounds "11"]
[EventCountry "USA"]
[SourceTitle "EXT 2024"]
[Source "ChessBase"]
[SourceDate "2023.10.10"]
[SourceVersion "1"]
[SourceVersionDate "2023.10.10"]
[SourceQuality "1"]

1. e4 d6 2. Nf3 Nf6 3. Nc3 Bg4 4. Bc4 e6 5. d3 Be7 6. 0-0 0-0 7. Be3 d5 8. exd5 exd5 9. Bb3 d4 10. Bxd4 Bxf3 11. Qxf3 Qxd4 12. Qxb7 Nbd7 13. Qxc7 Rfc8 14. Qg3 Bd6 15. Qf3 Rab8 16. Ne2 Qxb2 17. Ng3 Bxg3 18. Qxg3 a5 19. Rae1 Qa3 20. Qf4 a4 21. Qxa4 Qxa4 22. Bxa4 Nc5 23. Bb3 Nxb3 24. cxb3 Nd5 25. Re5 Nb4 26. d4 Nxa2 27. Rfe1 g6 28. g3 Nc1 29. d5 Nd3 30. R1e3 Nxe5 31. Rxe5 Rxb3 32. d6 Rd8 33. Kg2 Rxd6 34. Re2 Kg7 35. f4 Rdb6 36. Rf2 Rb2 37. Kf3 R6b3+ 38. Kg2 Rxf2+ 39. Kxf2 f5 40. g4 Kf6 41. gxf5 Kxf5 42. Kg2 Kxf4 43. Kf2 Rb2+ 44. Ke1 Kf3 45. Kf1 Rb1# 0-1

[Event "IND-ch 59th"]
[Site "New Delhi"]
[Date "2022.12.27"]
[Round "6"]
[White "Laxman, Rajaram"]
[Black "Ayushh, Ravikumar"]
[Result "1-0"]
[WhiteElo "2372"]
[BlackElo "1994"]
[PlyCount "93"]
[EventDate "2022.12.22"]
[EventType "swiss"]
[EventRounds "13"]
[EventCountry "IND"]
[SourceTitle "CBM 211 Extra"]
[Source "ChessBase"]
[SourceDate "2023.01.31"]
[SourceVersion "1"]
[SourceVersionDate "2023.01.31"]
[SourceQuality "1"]

1. d4 Nf6 2. Nf3 e6 3. c4 d5 4. g3 Be7 5. Bg2 0-0 6. 0-0 dxc4 7. Qa4 a6 8. Qxc4 b5 9. Qc2 Bb7 10. Bg5 Nc6 11. Rd1 Nb4 12. Qc1 Rc8 13. Nc3 Nbd5 14. Bxf6 Nxf6 15. a3 Ne4 16. b4 a5 17. Ne5 Nxc3 18. Qxc3 Bxg2 19. Kxg2 axb4 20. axb4 Ra8 21. Nc6 Qd7 22. Qf3 Rxa1 23. Rxa1 Bf6 24. e3 Re8 25. Qe4 g6 26. Ra5 Qd5 27. Qxd5 exd5 28. Rxb5 Re6 29. Rb8+ Kg7 30. b5 Be7 31. Nxe7 Rxe7 32. Rd8 Re6 33. Rxd5 Rb6 34. Rc5 Kf8 35. e4 Ke8 36. f4 Kd7 37. Kf3 Rb8 38. h4 Ra8 39. f5 Ra3+ 40. Kf4 Rd3 41. Rd5+ Ke7 42. g4 Rh3 43. Rc5 Kd7 44. Kg5 Re3 45. Rd5+ Kc8 46. e5 Re4 47. h5 1-0

[Event "IND-ch 59th"]
[Site "New Delhi"]
[Date "2022.12.25"]
[Round "4"]
[White "Ayushh, Ravikumar"]
[Black "Neelotpal, Das"]
[Result "0-1"]
[WhiteElo "1994"]
[BlackElo "2384"]
[PlyCount "62"]
[EventDate "2022.12.22"]
[EventType "swiss"]
[EventRounds "13"]
[EventCountry "IND"]
[SourceTitle "CBM 211 Extra"]
[Source "ChessBase"]
[SourceDate "2023.01.31"]
[SourceVersion "1"]
[SourceVersionDate "2023.01.31"]
[SourceQuality "1"]

1. b3 d5 2. Bb2 Bg4 3. Nf3 Nd7 4. d4 Bxf3 5. exf3 g6 6. g3 Bg7 7. Bg2 e6 8. f4 Ne7 9. Nd2 c5 10. Nf3 Nc6 11. Qd2 cxd4 12. Nxd4 Qf6 13. 0-0-0 Rc8 14. Kb1 Nb6 15. Qc1 Nxd4 16. Bxd4 Qxd4 17. Rxd4 Bxd4 18. Qd2 Bc3 19. Qe2 0-0 20. Rd1 Rc7 21. Qe3 Rfc8 22. a3 Bf6 23. Qd2 a5 24. Bf1 a4 25. Bd3 Rc3 26. Ka2 axb3+ 27. cxb3 Nd7 28. Re1 Nc5 29. Bc2 d4 30. b4 d3 31. Bd1 Rxa3+ 0-1

[Event "IND-ch 59th"]
[Site "New Delhi"]
[Date "2022.12.23"]
[Round "2"]
[White "Ayushh, Ravikumar"]
[Black "Avinash, Ramesh"]
[Result "1/2-1/2"]
[WhiteElo "1994"]
[BlackElo "2327"]
[PlyCount "214"]
[EventDate "2022.12.22"]
[EventType "swiss"]
[EventRounds "13"]
[EventCountry "IND"]
[SourceTitle "CBM 211 Extra"]
[Source "ChessBase"]
[SourceDate "2023.01.31"]
[SourceVersion "1"]
[SourceVersionDate "2023.01.31"]
[SourceQuality "1"]

1. b3 c5 2. Bb2 Nc6 3. Nf3 d6 4. d4 cxd4 5. Nxd4 Nf6 6. c4 g6 7. g3 Bg7 8. Bg2 Bd7 9. 0-0 0-0 10. Nc3 Qb6 11. Nc2 Qa5 12. Nd5 Nxd5 13. Bxg7 Kxg7 14. Qxd5 Qxd5 15. Bxd5 Rab8 16. Rfd1 Rfc8 17. Rac1 Bf5 18. Ne3 Nb4 19. a3 Na6 20. b4 Bd7 21. Bf3 Be6 22. Kf1 Nc7 23. Ke1 b6 24. Bc6 a5 25. Nd5 Kf8 26. Kd2 Na6 27. Bb5 Nc7 28. Bc6 axb4 29. axb4 Na6 30. Bb5 Bxd5 31. Bxa6 Bb7 32. Bb5 Bc6 33. Bxc6 Rxc6 34. Kd3 Rbc8 35. Rc3 Ra8 36. Rd2 Ra4 37. Rb2 Rc8 38. Rbb3 Kg7 39. Rb2 Ra1 40. Kd4 Rd1+ 41. Rd3 Rc1 42. Rc3 Rxc3 43. Kxc3 d5 44. c5 bxc5 45. bxc5 Rxc5+ 46. Kd4 Ra5 47. e4 dxe4 48. Kxe4 g5 49. Kf3 Ra4 50. Rb5 Kg6 51. g4 h5 52. h3 h4 53. Re5 e6 54. Kg2 Rd4 55. Re3 Rd5 56. Re4 Rd6 57. Ra4 Rb6 58. Ra5 Kf6 59. Rc5 Ra6 60. Rb5 Kg6 61. Rc5 f5 62. gxf5+ exf5 63. Rc8 Kf6 64. Rg8 Ra4 65. Rf8+ Ke5 66. Rh8 Kf4 67. Rh7 Ra3 68. Rh8 Rd3 69. Rh7 Ke5 70. Rh8 Rc3 71. Re8+ Kf4 72. Rh8 Rc5 73. Rh7 Re5 74. Rh8 Rb5 75. Rh7 Ke5 76. Rg7 Kf6 77. Rg8 Rb7 78. Kf3 Rg7 79. Rf8+ Ke6 80. Kg2 Rh7 81. Rg8 Kf6 82. Kf3 Rh6 83. Kg2 Rg6 84. Rf8+ Ke5 85. Re8+ Kf4 86. Rh8 Re6 87. Rh7 Re8 88. Rh6 Re5 89. Rh8 Ke4 90. Ra8 f4 91. Ra4+ Kf5 92. Kf3 Rb5 93. Ra3 Rb1 94. Ra5+ Kg6 95. Ra6+ Kh5 96. Kg2 Rb3 97. Rf6 Ra3 98. f3 Ra2+ 99. Kg1 Ra8 100. Rb6 Rg8 101. Rf6 Rg6 102. Rxg6 Kxg6 103. Kf2 Kf6 104. Ke2 Ke5 105. Kd3 Kd5 106. Kc3 Kc5 107. Kd3 Kd5 1/2-1/2

[Event "Raipur Chhattisgarh"]
[Site "Raipur"]
[Date "2022.09.24"]
[Round "6"]
[White "Vinod, R Sharna"]
[Black "Ayushh, Ravikumar"]
[Result "0-1"]
[WhiteElo "2143"]
[BlackElo "1944"]
[PlyCount "90"]
[EventDate "2022.09.19"]
[EventType "swiss"]
[EventRounds "10"]
[EventCountry "IND"]
[SourceTitle "CBM 210 Extra"]
[Source "ChessBase"]
[SourceDate "2022.11.30"]
[SourceVersion "1"]
[SourceVersionDate "2022.11.30"]
[SourceQuality "1"]

1. e4 e5 2. Nf3 Nf6 3. Nxe5 d6 4. Nf3 Nxe4 5. Nc3 Nxc3 6. dxc3 Be7 7. Be3 Nd7 8. Qd2 0-0 9. 0-0-0 c6 10. h4 Ne5 11. Kb1 Nxf3 12. gxf3 Bf5 13. Bd3 Bxd3 14. Qxd3 d5 15. Rdg1 Bf6 16. Qf5 Re8 17. h5 Kh8 18. Rg4 Qe7 19. a3 a6 20. Rhg1 Qe5 21. Qd3 Qe6 22. Bd4 Rg8 23. h6 gxh6 24. Rh1 Rg6 25. Rxg6 fxg6 26. Qe3 Qf7 27. Qxh6 Bxd4 28. cxd4 Re8 29. Rh4 Re6 30. Qd2 Rf6 31. f4 Kg7 32. Qe3 Re6 33. Qh3 h5 34. f5 Qxf5 35. Qb3 Re1+ 36. Ka2 Re7 37. Rh3 Qxf2 38. Qc3 Qe2 39. b3 Qd1 40. Rd3 Qc1 41. Rg3 Re2 42. Rxg6+ Kxg6 43. Qg3+ Qg5 44. Qd6+ Qf6 45. Qg3+ Kh6 0-1

[Event "IND-ch U18 31st"]
[Site "Pollachi"]
[Date "2022.04.19"]
[Round "3"]
[White "Shadhursshaan, R."]
[Black "Ayushh, Ravikumar"]
[Result "1/2-1/2"]
[WhiteElo "1676"]
[BlackElo "2165"]
[PlyCount "64"]
[EventDate "2022.04.18"]
[EventType "swiss"]
[EventRounds "11"]
[EventCountry "IND"]
[SourceTitle "EXT 2023"]
[Source "ChessBase"]
[SourceDate "2022.10.05"]
[SourceVersion "1"]
[SourceVersionDate "2022.10.05"]
[SourceQuality "1"]

1. e4 c5 2. Nf3 d6 3. d4 cxd4 4. Nxd4 Nf6 5. Nc3 Nc6 6. Bg5 e6 7. Qd2 a6 8. 0-0-0 Bd7 9. f3 Nxd4 10. Qxd4 Be7 11. Kb1 Qc7 12. h4 Rc8 13. g4 h5 14. gxh5 Nxh5 15. Bh3 b5 16. Rhe1 Nf6 17. Qd2 b4 18. Ne2 a5 19. Nd4 a4 20. f4 a3 21. e5 axb2 22. exf6 gxf6 23. f5 e5 24. Bh6 Qc3 25. Bg4 Qxd2 26. Bg5 Qe3 27. Bxe3 Rxh4 28. Bd2 exd4 29. Rg1 Rc5 30. Bxb4 Rc4 31. Be1 d3 32. cxd3 Rhxg4 1/2-1/2

[Event "Titled Tuesday intern op 12th Apr Early"]
[Site "Chess.com INT"]
[Date "2022.04.12"]
[Round "5"]
[White "Ayushh, Ravikumar"]
[Black "Gu, Xiaobing"]
[Result "1-0"]
[WhiteElo "2165"]
[BlackElo "2219"]
[PlyCount "63"]
[EventDate "2022.04.12"]
[EventType "swiss (blitz)"]
[EventRounds "11"]
[EventCountry "USA"]
[SourceTitle "CBM 207 Extra"]
[Source "ChessBase"]
[SourceDate "2022.05.31"]
[SourceVersion "1"]
[SourceVersionDate "2022.05.31"]
[SourceQuality "1"]

1. e4 c5 2. Nf3 d6 3. d4 cxd4 4. Nxd4 Nf6 5. Nc3 a6 6. Be2 e5 7. Nb3 Be7 8. 0-0 0-0 9. Be3 Be6 10. a4 Nc6 11. Qd2 Nb4 12. h3 d5 13. exd5 Nfxd5 14. Nxd5 Nxd5 15. Rfd1 Nxe3 16. Qxe3 Qc7 17. Bd3 f5 18. Rac1 e4 19. Bf1 Rad8 20. Nd4 Bc8 21. Qb3+ Kh8 22. Ne6 Bxe6 23. Qxe6 Bg5 24. Rxd8 Qxd8 25. Re1 Qd2 26. Re2 Qd1 27. Qb3 Rd8 28. Qxb7 Qc1 29. Qxa6 Rd1 30. Qc8+ Bd8 31. Re1 h6 32. Qxd8+ 1-0

[Event "MPL-ch U20 50th"]
[Site "Gurugram"]
[Date "2022.03.10"]
[Round "4"]
[White "Ayushh, Ravikumar"]
[Black "Neelash, Saha"]
[Result "1/2-1/2"]
[WhiteElo "2250"]
[BlackElo "2445"]
[PlyCount "109"]
[EventDate "2022.03.09"]
[EventType "swiss"]
[EventRounds "9"]
[EventCountry "IND"]
[SourceTitle "CBM 207 Extra"]
[Source "ChessBase"]
[SourceDate "2022.05.31"]
[SourceVersion "1"]
[SourceVersionDate "2022.05.31"]
[SourceQuality "1"]

1. d4 d5 2. c4 e6 3. Nc3 Be7 4. Nf3 Nf6 5. Bg5 0-0 6. e3 h6 7. Bh4 Ne4 8. Bxe7 Qxe7 9. Rc1 c6 10. Bd3 Nxc3 11. Rxc3 Nd7 12. 0-0 dxc4 13. Bxc4 b6 14. Qe2 Bb7 15. Ba6 Bxa6 16. Qxa6 c5 17. h3 e5 18. dxe5 Nxe5 19. Qe2 Rfd8 20. Nxe5 Qxe5 21. Rd1 Rxd1+ 22. Qxd1 Qf6 23. Rc2 Rd8 24. Rd2 Rxd2 25. Qxd2 a5 26. a4 Qg6 27. Qc3 Qb1+ 28. Kh2 Qa2 29. Qc2 g6 30. Kg3 c4 31. Qd2 Qxa4 32. Qd8+ Kh7 33. Qxb6 Qb4 34. Qc7 Kg7 35. Qe5+ Kg8 36. Qe8+ Qf8 37. Qe5 Qg7 38. Qb8+ Qf8 39. Qe5 Qd8 40. Kf3 Qd1+ 41. Kg3 Qh5 42. Qe8+ Kg7 43. Kh2 Qf5 44. f4 Qf6 45. Qb5 c3 46. bxc3 Qxc3 47. e4 Qb4 48. Qe5+ Kh7 49. Qc7 Kg8 50. f5 gxf5 51. exf5 a4 52. f6 Qf8 53. Qc6 a3 54. Kg3 Kh8 55. Qa6 1/2-1/2

[Event "Titled Tuesday intern op 17th Aug"]
[Site "Chess.com INT"]
[Date "2021.08.17"]
[Round "6"]
[White "Abdulla, Murad"]
[Black "Ayushh, Ravikumar"]
[Result "1-0"]
[WhiteElo "2287"]
[BlackElo "2319"]
[PlyCount "85"]
[EventDate "2021.08.17"]
[EventType "swiss (blitz)"]
[EventRounds "11"]
[EventCountry "USA"]
[SourceTitle "EXT 2022"]
[Source "ChessBase"]
[SourceDate "2021.10.06"]
[SourceVersion "1"]
[SourceVersionDate "2021.10.06"]
[SourceQuality "1"]

1. e4 e5 2. Nf3 Nc6 3. Bb5 a6 4. Ba4 Nf6 5. 0-0 Be7 6. d3 b5 7. Bb3 d6 8. h3 0-0 9. c3 Re8 10. a4 Bb7 11. Nbd2 Bf8 12. Re1 g6 13. Nf1 Bg7 14. g4 h5 15. g5 Nd7 16. h4 Nc5 17. Bc2 bxa4 18. Ne3 Ne7 19. Nc4 Qd7 20. Be3 Qg4+ 21. Kh2 Ne6 22. Rg1 Nf4 23. Rxg4 hxg4 24. Bxf4 exf4 25. Ng1 g3+ 26. fxg3 fxg3+ 27. Kxg3 d5 28. exd5 Nxd5 29. d4 Ne3 30. Nxe3 Rxe3+ 31. Kf2 Rae8 32. Qd2 R3e7 33. Nf3 Bf8 34. Re1 Bxf3 35. Rxe7 Bxe7 36. Kxf3 Bd6 37. Bxa4 Re6 38. Bb3 Re7 39. Qd3 Kg7 40. Qxa6 f6 41. Qc4 fxg5 42. Qg8+ Kf6 43. Qf8+ 1-0

[Event "Titled Tuesday intern op 17th Aug"]
[Site "Chess.com INT"]
[Date "2021.08.17"]
[Round "2"]
[White "Petrovskiy, Vadim"]
[Black "Ayushh, Ravikumar"]
[Result "1-0"]
[WhiteElo "2159"]
[BlackElo "2319"]
[PlyCount "113"]
[EventDate "2021.08.17"]
[EventType "swiss (blitz)"]
[EventRounds "11"]
[EventCountry "USA"]
[SourceTitle "EXT 2022"]
[Source "ChessBase"]
[SourceDate "2021.10.06"]
[SourceVersion "1"]
[SourceVersionDate "2021.10.06"]
[SourceQuality "1"]

1. e4 e5 2. Nf3 Nc6 3. d4 exd4 4. Bc4 Nf6 5. e5 d5 6. Bb5 Ne4 7. Nxd4 Bd7 8. Bxc6 bxc6 9. 0-0 Bc5 10. f3 Ng5 11. f4 Ne6 12. Be3 Bb6 13. f5 Nxd4 14. Bxd4 c5 15. Be3 d4 16. Bc1 Bc6 17. Qg4 Qd5 18. Bg5 c4 19. Nd2 d3+ 20. Kh1 dxc2 21. Rae1 h5 22. Qh3 Qd3 23. Nf3 Bxf3 24. Rxf3 Qd1 25. Rff1 Qd3 26. Qh4 Qd4 27. Bf4 Bc5 28. e6 f6 29. e7 Bxe7 30. Qg3 Kf8 31. Rxe7 Kxe7 32. Qxg7+ Kd8 33. Qxh8+ Kd7 34. Qxa8 Qd1 35. Qf3 Qxf3 36. Rxf3 Kc6 37. Rc3 Kd5 38. Rxc2 Ke4 39. Bxc7 Kxf5 40. Rxc4 Ke6 41. Bg3 Kd7 42. Rh4 f5 43. Rxh5 Ke6 44. Rh4 Kd5 45. Ra4 Ke6 46. Rxa7 Kd5 47. Ra4 Ke6 48. Rf4 Kf6 49. a4 Kg5 50. a5 Kg6 51. a6 Kf6 52. a7 Kg5 53. a8Q Kf6 54. Qc6+ Kg5 55. h4+ Kh5 56. Rxf5+ Kg4 57. Rg5# 1-0

[Event "Titled Tuesday intern op 10th Aug"]
[Site "Chess.com INT"]
[Date "2021.08.10"]
[Round "10"]
[White "Drogovoz, Irina"]
[Black "Ayushh, Ravikumar"]
[Result "1-0"]
[WhiteElo "2287"]
[BlackElo "2319"]
[PlyCount "169"]
[EventDate "2021.08.10"]
[EventType "swiss (blitz)"]
[EventRounds "11"]
[EventCountry "USA"]
[SourceTitle "CBM 203 Extra"]
[Source "ChessBase"]
[SourceDate "2021.09.30"]
[SourceVersion "1"]
[SourceVersionDate "2021.09.30"]
[SourceQuality "1"]

1. Nf3 Nf6 2. g3 e6 3. Bg2 d5 4. 0-0 Be7 5. d4 0-0 6. c4 b6 7. cxd5 exd5 8. Nc3 Bb7 9. Bf4 Nbd7 10. Rc1 c5 11. Ne5 h6 12. Nb5 a6 13. Nc3 b5 14. dxc5 Nxc5 15. Qd2 Nce4 16. Nxe4 Nxe4 17. Qd3 Rc8 18. Rxc8 Qxc8 19. Rc1 Qe6 20. Nf3 Rc8 21. Nd4 Rxc1+ 22. Bxc1 Qc8 23. Be3 Qc4 24. Qb1 Bf6 25. b3 Qc3 26. Nf5 Qb2 27. Qxb2 Bxb2 28. Bd4 Bxd4 29. Nxd4 Nc3 30. a3 Nb1 31. a4 bxa4 32. bxa4 Nc3 33. a5 Kf8 34. e3 g6 35. Nb3 Ke7 36. Nc5 Bc8 37. Bf1 Na2 38. Nxa6 Bxa6 39. Bxa6 Kd6 40. Kf1 Kc5 41. Bd3 Nb4 42. Ke2 Nc6 43. a6 Kb6 44. Kd2 Nb4 45. Kc3 Nc6 46. Bf1 Kc5 47. Bg2 f6 48. Bf1 f5 49. f3 Kb6 50. Be2 Kc5 51. e4 dxe4 52. fxe4 fxe4 53. Bf1 Kb6 54. Kd2 Kc5 55. Ke3 Kd5 56. Bg2 Kc5 57. Bxe4 Na7 58. Bxg6 Kb6 59. Bd3 Nc6 60. Bf1 Ne5 61. Kf4 Ng6+ 62. Kf5 Ne7+ 63. Kf6 Nd5+ 64. Kg6 Ne3 65. Be2 Nc2 66. Kxh6 Nd4 67. Bd3 Nf3 68. h4 Ne5 69. Be2 Nf7+ 70. Kg7 Ne5 71. h5 Nc6 72. h6 Ne7 73. h7 Nf5+ 74. Kg6 Nxg3 75. h8Q Nxe2 76. Qb2+ Kxa6 77. Qxe2+ Kb6 78. Qc4 Kb7 79. Qc5 Ka6 80. Kf6 Kb7 81. Ke6 Ka6 82. Kd6 Kb7 83. Qb5+ Kc8 84. Kc6 Kd8 85. Qe5 1-0

[Event "IND-ch U15"]
[Site "Tiruchengode"]
[Date "2019.07.12"]
[Round "5"]
[White "Rathneesh, R."]
[Black "Ayushh, Ravikumar"]
[Result "1/2-1/2"]
[WhiteElo "2226"]
[BlackElo "1946"]
[PlyCount "124"]
[EventDate "2019.07.09"]
[EventType "swiss"]
[EventRounds "11"]
[EventCountry "IND"]
[SourceTitle "EXT 2020"]
[Source "ChessBase"]
[SourceDate "2019.10.17"]
[SourceVersion "1"]
[SourceVersionDate "2019.10.17"]
[SourceQuality "1"]

1. e4 e5 2. Nf3 Nc6 3. Bc4 Bc5 4. 0-0 Nf6 5. d3 d6 6. c3 a6 7. Bb3 h6 8. Re1 Ba7 9. Nbd2 Ne7 10. Nf1 Ng6 11. Ng3 0-0 12. h3 Kh7 13. d4 Bd7 14. Be3 Qc8 15. Qd3 b5 16. dxe5 dxe5 17. Bxa7 Rxa7 18. Qe3 Ra8 19. Rad1 Be6 20. Bxe6 Qxe6 21. b3 Nd7 22. Nf5 Rfd8 23. Rd2 Ndf8 24. Red1 Rxd2 25. Rxd2 Rc8 26. g3 Nd7 27. Nh2 Nf6 28. Ng4 Nxg4 29. hxg4 f6 30. Qc5 Nf8 31. Qd5 Qxd5 32. Rxd5 g6 33. Ne7 Re8 34. Nc6 Re6 35. Nb8 Rb6 36. Nd7 Nxd7 37. Rxd7+ Kg8 38. Rxc7 Rd6 39. a4 bxa4 40. bxa4 Rd1+ 41. Kg2 Ra1 42. Rc4 g5 43. Kf3 Kf7 44. Ke2 Ra2+ 45. Ke3 Kg6 46. Rb4 a5 47. Rc4 Ra1 48. Kd3 Ra2 49. Ke3 Kf7 50. f4 gxf4+ 51. gxf4 exf4+ 52. Kxf4 Kg6 53. Rd4 Ra3 54. Rc4 Ra1 55. Rc6 Rxa4 56. c4 Ra1 57. e5 Rf1+ 58. Kg3 Kf7 59. exf6 Rxf6 60. Rc7+ Kg6 61. c5 a4 62. c6 a3 1/2-1/2